00854nam a2200253 a 4500001000900000005001700009008004100026041000800067044000700075050002600082100002700108245008700135260003400222300003600256500001100292504002800303650004200331651003800373700003000411902000800441942001100449999001500460952012500475BRL_117020190320211051.0211113s19uu----gt-ao#####---#000-0#eng-# aeng agt 4aF1465.1.T5b.J47 19001 aJerabek, Carlos92599710aMaya ruins TikalbA Story-Guidebookcby Carlos Jerabek ; Drawings by Dale Nichols. aGuatemalabMaya Pressc[19--] a[63] p.bil., láminasc18 cm. aAu1354 aBibliografía: p. [63]14aMayasvGuíasxAntigüedades924034 4aTikal (Guatemala)vGuías9259981 aNichols, Daleeil.925999 aGRL 2lcccB c9982d9982 00104070aBRLbBRLd2013-11-21iAu1354l0oF1465.1.T5 .J47 1900 (Au1354)pGRL01287r2019-03-22 00:00:00w2019-03-22yB